| 000 | 01102cam a22002411 4500 | ||
|---|---|---|---|
| 001 | gs 24000282 | ||
| 003 | DLC | ||
| 005 | 20260227111328.0 | ||
| 008 | 800714s1924 kyuab b s000 0 eng | ||
| 010 | _ags 24000282 | ||
| 035 | _a(OCoLC)6514262 | ||
| 040 |
_aDLC _cTM _dOCoLC _dDLC |
||
| 042 | _apremarc | ||
| 050 | 0 | 0 |
_aHD9547.K4 _bJ5 1924 |
| 100 | 1 |
_aJillson, Willard Rouse, _d1890- |
|
| 245 | 1 | 4 |
_aThe coal industry in Kentucky. _bA review of the discovery, development, mining methods, qualities, markets, analyses, geology, correlations, locations, production statistics, and mine operators of the coals of Kentucky, including a complete bibliography. _cBy Willard Rouse Jillson ... Illustrated with forty-two photographs, maps, and diagrams. |
| 250 |
_a2d ed., _brev. and expanded. |
||
| 260 |
_aFrankfort, Kentucky, _bKentucky Geological Survey, _c1924. |
||
| 300 |
_a5 p. l., 164 p. _bfront., illus., fold. map, tables. _c24 cm. |
||
| 490 | 0 | _aKentucky geological survey. Ser. VI [Geologic reports] v. 20 | |
| 504 | _aBibliography: p. 137-153. | ||
| 650 | 0 |
_aCoal mines and mining _zKentucky. |
|
| 999 |
_c26344 _d26344 |
||